000 03729nam0a2200553 4500
001 RU\NLR\bibl\1332150
005 20260409073219.0
010 _a978-5-94774-488-0
_91500
021 _aRU
_b2008-104887
_96186
035 _a(NLR Aleph) 001317374
035 _a(nilc)RSL-KNO-004172052
035 _aKML\BIBL\0000009049
090 _a717779
_c717779
100 _a20081222d2009 u y0rusy50 ca
101 1 _arus
_ceng
102 _aRU
105 _aa |||||||||
200 1 _aПрактическая программная инженерия на основе учебного примера
_fЛ. А. Мацяшек, Б. Л. Лионг
_gпер. с англ. А. М. Епанешникова и В. А. Епанешникова
210 _aМосква
_cБином. Лаборатория знаний
_d2009
215 _a956 с.
_cил.
_d25
225 1 _aПрограммисту
300 _aЗагл. и авт. ориг.: Practical software engineering a case study approach / Leszek A. Maciaszek, Bruc Lee Long
300 _aНа 4-й с. обл. 1-й авт.: Л. Мацяшек адъюнкт-проф. ун-та Маккуэри (Сидней, Австралия)
320 _aБиблиогр.: с. 937-942 (112 назв.)
320 _aДр. кн. 1-го авт. на 4-1 с. обл.
320 _aПредм. указ.: с. 943-956
330 _aРассмотрены вопросы современных методов создания сложного программного обеспечения, использующего информацию, хранимую в базе данных. Подчеркнуты особенности создания такого программного обеспечения: итеративный характер разработки, использование стандартных средств создания программ (стандартные компоненты, паттерны, Bean-компоненты и т.д.). Большое внимание уделено разработке структуры программного обеспечения. Весь материал проиллюстрирован на одном достаточно сложном примере
454 0 _12001#$aPractical software engineering a case study approach
_1700#1$aMaciaszek$bL. A.$gLeszek A.$4070
_1701#1$aLong$bB. L.$gBruc Lee$4070
_tPractical software engineering a case study approach
_aMaciaszek, Leszek A.
606 _aПрограммирование (компьют.)
_92081275
_3RU\NLR\auth\661257252
610 0 _aпрограммная инженерия
610 0 _aпрограммное обеспечение
610 0 _aязыки моделирования
610 0 _aотслеживание проекта
610 0 _aструктурное проектирование
610 0 _aбизнес-компоненты
610 1 _aВычислительные машины электронные цифровые -- Программирование -- Пакеты прикладных программ -- Автоматизация
686 _aЗ973.2-018.2-5-05,0
_2rubbk
686 _a021
_aИнформационные и компьютерные технологии
_2TCC-BG
686 _aЗ973.2-018
700 1 _aМацяшек
_bЛ. А.
_gЛешек А.
_4070
701 1 _aЛионг
_bБ. Л.
_gБрюс Ли
_4070
801 0 _aRU
_bРКП
_c20081222
_grcr
801 1 _aRU
_bРГБ
_c20081222
801 2 _aRU
_bТверская ОУНБ
_c20090331
801 2 _aRU
_bNLR
_c20090225
_grcr
830 _aCODE_OF_LIBNET\000018979
942 _cBOOK
980 _aNB